01251ngm a2200325 a 450000500170000000800410001702000180005808200200007624500600009625000180015630000570017449000460023150000510027750000460032865000490037465000550042365000580047865000570053670000350059370000400062870000290066870000350069794200120073226400430074433600270078733700330081433800280084704000350087599900150091020220317001421.0161108s2008 ck g 000 0 spa  a978958747040604a791.436164bD3200a10 películas clásicas de horrorhvideodisco digital a1a. edición a6 DVDbsonido, en blanco y negroc12 cmd1 cartilla  aCine club películas para coleccionistas aIncluye libro con reseñas de las películas aPelículas con subtítulos en español142LEMBaCine de terror vVideodiscosySiglo XX142LEMBaMonstruos en el cine vVideodiscosxSiglo XX142LEMBaPelículas de misterio vVideodiscosySiglo XX142LEMB aPelículas cinematográficas vVideodiscos1 aCapra, Frankd1897-19919727101 aMamoulian, Robertd1897-19879727111 aRomero, George A.9727121 aWhale, Jamesd1896-1957972713 2ddccBK aBogotábFonolibros de Colombiac2008 atextobtxt2rdacontent asin mediaciónbn2rdamedia avolumenbnc2rdacarrier aCO-BoRNBPbspaerdacCO-BoRNBP c6914d6914